fnaf finish the lyric - Statistics

General Stats
  • This quiz has been taken 380 times
  • The average score is 3 of 15
Answer Stats
song Answer % Correct
i hope you die in a fire
55%
becasue youve only got five nights at freddys
40%
the masks that we wear pretend they arent there
37%
funtime waching you at night
35%
he said follow me
32%
break break break my heart breaak me till i fall apart
21%
all gose well in the afton family
13%
we are the phantoms we will haunt you
13%
uh oh how unfortunate
8%
whered foxy go hes in there
7%
this is where your story ends
3%
twenty years full of blood and tears
1%
its probaly just a mouse but i herd a creek
0%
shes upside dow theres nothing you can do
0%
the use the pizza whele hhot chesse attack freddy throws his mic wach the mic go smack
0%
No matching quizzes found
Score Distribution
Percent of People with Each Score
Percentile by Number Answered
Your Score History
You have not taken this quiz